000
00228nam a22001217a 4500
040
_c
SK
082
_a
307
100
_a
NA
245
_a
សហគមន៍ជនបទ
260
_a
RUA
_b
NA
_c
NA
300
_a
131p.
942
_c
KB
999
_c
9009
_d
9009